00381nam a2200157Ia 450000500170000000800460001703700180006304000200008104100130010108400090011424500190012326000470014249000060018994200070019599900210020220250507125946.0008 250505s9999 xx 000 0 chi d aBound Volumes aEASLbengcEASL achi2eng qEASL 0aShu-Mu Chi Kan aChinabTaipei Bibliography Quarterlyc0000 v3 cCR c1315597d1315597